Citizen participation and the reform of development assistance in Central America / Stephen B Cox
sin resumen
Na minha lista:
| Autor principal: | |
|---|---|
| Formato: | Desconhecido |
| Idioma: | Spanish |
| Assuntos: | |
| Tags: |
Adicionar Tag
Sem tags, seja o primeiro a adicionar uma tag!
|
MARC
| LEADER | 00000 a2200000 04500 | ||
|---|---|---|---|
| 001 | 3038 | ||
| 003 | Colección Centroamérica | ||
| 005 | 20230710123421.0 | ||
| 008 | 230710b |||||||| |||| 00| 0 spa d | ||
| 040 | |c Colección Centroamérica | ||
| 100 | 1 | |9 11566 |a Cox, Stephen B |e Autor | |
| 245 | 1 | |a Citizen participation and the reform of development assistance in Central America / |b Stephen B Cox | |
| 300 | |a páginas 59-83 | ||
| 500 | |a Colección Centroamérica | ||
| 520 | |a sin resumen | ||
| 650 | |a PARTICIPACION SOCIAL | ||
| 650 | |a DESARROLLO ECONOMICO Y SOCIAL | ||
| 651 | 0 | |9 308 |a CENTROAMERICA | |
| 942 | |2 ddc |c LI | ||
| 999 | |c 17356 |d 17356 | ||
| 773 | 0 | |0 16910 |9 8698 |a Annis, Sheldon |d Washington (State) : Overseas Development Council 1992 |o 14040 |t Poverty, natural resources and public policy in Central America / |w (cru CIDCACS/IIS)3039 |z [sin ISBN] | |
